| Tag |
First Indicator |
Second Indicator |
Subfields |
| LEADER |
00000cam a2200000 a 4500 |
| 001 |
in00001403741 |
| 005 |
20151020053142.0 |
| 008 |
931014s1994 nyu 000 1 eng |
| 010 |
|
|
|a 93041419
|
| 020 |
|
|
|a 0060177373 :
|c $20.00 ($26.75 Can.)
|
| 035 |
|
|
|a (OCoLC)29256486
|
| 035 |
|
|
|9 AHM7198AM
|
| 040 |
|
|
|a DLC
|c DLC
|d TXA
|d UtOrBLW
|
| 043 |
|
|
|a n-us-nj
|
| 049 |
|
|
|a TXAM
|
| 050 |
0 |
0 |
|a PS3554.U42
|b O54 1994
|
| 082 |
0 |
0 |
|a 813/.54
|2 20
|
| 100 |
1 |
|
|a Dulany, Harris,
|d 1940-
|
| 245 |
1 |
0 |
|a One kiss led to another /
|c Harris Dulany.
|
| 250 |
|
|
|a 1st ed.
|
| 264 |
|
1 |
|a New York, NY :
|b HarperCollins,
|c [1994]
|
| 264 |
|
4 |
|c ©1994
|
| 300 |
|
|
|a 326 pages ;
|c 22 cm.
|
| 336 |
|
|
|a text
|b txt
|2 rdacontent
|
| 337 |
|
|
|a unmediated
|b n
|2 rdamedia
|
| 338 |
|
|
|a volume
|b nc
|2 rdacarrier
|
| 650 |
|
0 |
|a Private investigators
|z New Jersey
|x Fiction.
|
| 651 |
|
0 |
|a New Jersey
|v Fiction.
|
| 655 |
|
7 |
|a Detective and mystery stories.
|
| 999 |
|
|
|a MARS
|
| 999 |
f |
f |
|s 6619b6b0-58f7-3098-a40d-0fb59781949a
|i 481a84c6-dae9-3f82-a17c-c5f9e5e4018d
|t 0
|
| 952 |
f |
f |
|p ric
|a Texas A&M University
|b Rellis Campus
|c Joint Library Facility
|d Remote Storage
|t 0
|e PS3554.U42 O54 1994
|h Library of Congress classification
|i unmediated -- volume
|m A14822026029
|
| 998 |
f |
f |
|a PS3554.U42 O54 1994
|t 0
|l Remote Storage
|